Onces Iniciales Champions League 2011-12 - Estadísticas

Estadísticas generales
  • Esta prueba ha sido intentada 166 veces
  • La puntuación promedio es 73 de 352
Estadísticas de respuestas
Team # Pos. Flag Footballer % Correcto
Bayern München 1 GK Germany Manuel Neuer
94%
Real Madrid 7 FW Portugal Cristiano Ronaldo
89%
Real Madrid 1 GK Spain Iker Casillas
89%
FC Barcelona 10 FW Argentina Lionel Messi
87%
Real Madrid 20 FW Argentina Gonzalo Higuaín
86%
Real Madrid 4 DF Spain Sergio Ramos
86%
Real Madrid 12 DF Brazil Marcelo Vieira
85%
FC Barcelona 8 MF Spain Andrés Iniesta
84%
Real Madrid 3 DF Portugal Pepe
84%
FC Barcelona 1 GK Spain Víctor Valdés
84%
FC Barcelona 6 MF Spain Xavi Hernández
84%
Real Madrid 9 FW France Karim Benzema
83%
FC Barcelona 16 MF Spain Sergio Busquets
83%
FC Barcelona 2 DF Brazil Dani Alves
82%
FC Barcelona 14 DF Argentina Javier Mascherano
82%
FC Barcelona 17 FW Spain Pedro Rodríguez
82%
FC Barcelona 5 DF Spain Carles Puyol
79%
Manchester United 1 GK Spain David de Gea
79%
Manchester City 16 FW Argentina Sergio Agüero
79%
Real Madrid 10 MF Germany Mesut Özil
78%
Real Madrid 6 MF Germany Sami Khedira
78%
Real Madrid 14 MF Spain Xabi Alonso
78%
Trabzonspor 5 DF Slovakia Marek Čech
76%
Viktoria Plzeň 24 GK Czechia Marek Čech
76%
Chelsea 1 GK Czechia Petr Čech
76%
Bayern München 7 FW France Franck Ribéry
74%
Manchester City 25 GK England Joe Hart
74%
Bayern München 21 DF Germany Philipp Lahm
74%
Real Madrid 17 DF Spain Álvaro Arbeloa
73%
Manchester City 42 MF Ivory Coast Yaya Touré
73%
Bayern München 25 FW Germany Thomas Müller
72%
FC Barcelona 4 FW Spain Cesc Fàbregas
71%
Borussia Dortmund 9 FW Poland Robert Lewandowski
70%
Manchester City 21 FW Spain David Silva
69%
Manchester City 10 FW Bosnia and Herzegovina Edin Džeko
69%
Bayern München 39 MF Germany Toni Kroos
69%
Chelsea 9 FW Spain Fernando Torres
68%
Manchester City 4 DF Belgium Vincent Kompany
67%
Manchester United 10 FW England Wayne Rooney
67%
Manchester United 11 MF Wales Ryan Giggs
66%
AC Milan 33 DF Brazil Thiago Silva
66%
AC Milan 11 FW Sweden Zlatan Ibrahimović
66%
Zenit 10 FW Portugal Danny Alves
63%
Internazionale Milano 1 GK Brazil Júlio César
62%
FC Barcelona 21 DF Brazil Adriano Correia
61%
Manchester United 25 DF Ecuador Antonio Valencia
61%
Shakhtar Donetsk 9 GK Brazil Luiz Adriano
61%
Manchester United 17 FW Portugal Nani
61%
Bayern München 17 DF Germany Jérôme Boateng
59%
Chelsea 8 MF England Frank Lampard
56%
Chelsea 26 DF England John Terry
55%
Bayern München 33 FW Germany Mario Gómez
55%
Internazionale Milano 9 FW Uruguay Diego Forlán
54%
Napoli 7 FW Uruguay Edinson Cavani
53%
Chelsea 10 FW Spain Juan Mata
53%
Internazionale Milano 4 MF Argentina Javier Zanetti
51%
Borussia Dortmund 15 DF Germany Mats Hummels
51%
Manchester United 5 DF England Rio Ferdinand
51%
Arsenal 13 GK Poland Wojciech Szczęsny
50%
Manchester City 19 MF France Samir Nasri
47%
Arsenal 16 MF Wales Aaron Ramsey
46%
Bayern München 31 MF Germany Bastian Schweinsteiger
46%
Napoli 17 MF Slovakia Marek Hamšík
46%
Internazionale Milano 22 FW Argentina Diego Milito
45%
Manchester United 3 DF France Patrice Evra
43%
Chelsea 2 DF Serbia Branislav Ivanović
42%
Arsenal 10 FW Netherlands Robin van Persie
42%
Valencia 4 DF France Adil Rami
41%
Internazionale Milano 19 MF Argentina Esteban Cambiasso
41%
Internazionale Milano 13 DF Brazil Maicon
41%
FC Porto 4 DF Brazil Maicon Roque
41%
Chelsea 3 DF England Ashley Cole
39%
Chelsea 7 MF Brazil Ramires
39%
Napoli 29 FW Macedonia Goran Pandev
38%
FC Porto 19 FW Colombia James Rodríguez
38%
Bayern München 13 DF Brazil Rafinha
38%
Manchester United 16 MF England Michael Carrick
37%
Valencia 8 MF Algeria Sofiane Feghouli
37%
Manchester City 22 DF France Gaël Clichy
36%
Borussia Dortmund 23 MF Japan Shinji Kagawa
36%
Olympique Lyonnais 3 DF Brazil Cris
34%
Internazionale Milano 6 DF Brazil Lúcio
34%
Borussia Dortmund 26 DF Poland Łukasz Piszczek
34%
Arsenal 8 MF Spain Mikel Arteta
34%
Borussia Dortmund 1 GK Germany Roman Weidenfeller
34%
AC Milan 70 FW Brazil Robinho
33%
Villarreal 13 GK Spain Diego López
32%
Arsenal 14 FW England Theo Walcott
32%
Valencia 24 MF Argentina Tino Costa
32%
Lille OSC 10 FW Belgium Eden Hazard
31%
Borussia Dortmund 16 FW Poland Jakub Błaszczykowski
31%
Manchester United 6 DF Northern Ireland Jonny Evans
31%
Valencia 17 MF Spain Jordi Alba
31%
Benfica 8 MF Brazil Bruno César
29%
Napoli 22 FW Argentina Ezequiel Lavezzi
29%
AFC Ajax 4 DF Belgium Jan Vertonghen
29%
Valencia 9 FW Spain Roberto Soldado
29%
Olympique de Marseille 30 GK France Steve Mandanda
29%
Arsenal 17 MF Cameroon Alexandre Song
28%
Arsenal 3 DF France Bacary Sagna
28%
Borussia Dortmund 21 MF Germany İlkay Gündoğan
28%
Villarreal 14 DF Spain Mario Gaspar
28%
AC Milan 32 GK Italy Christian Abbiati
27%
Arsenal 4 DF Germany Per Mertesacker
27%
Olympique Lyonnais 1 GK France Hugo Lloris
26%
AC Milan 20 DF Italy Ignazio Abate
26%
Arsenal 6 DF France Laurent Koscielny
26%
Olympique Lyonnais 9 FW Argentina Lisandro López
26%
Villarreal 19 MF Brazil Marcos Senna
26%
Arsenal 5 DF Belgium Thomas Vermaelen
25%
Villarreal 21 MF Spain Bruno Soriano
24%
Villarreal 10 MF Spain Cani
24%
Arsenal 27 FW Ivory Coast Gervinho
24%
FC Porto 12 FW Brazil Hulk
24%
Basel 3 DF South Korea Park Joo-ho
24%
AFC Ajax 10 MF Netherlands Siem de Jong
24%
Manchester City 6 DF England Joleon Lescott
23%
Borussia Dortmund 4 DF Serbia Neven Subotić
23%
Manchester United 4 DF England Phil Jones
23%
Benfica 28 MF Belgium Axel Witsel
22%
Chelsea 17 DF Portugal José Bosingwa
22%
FC Porto 30 DF Argentina Nicolás Otamendi
22%
Internazionale Milano 55 DF Japan Yūto Nagatomo
22%
Manchester City 18 MF England Gareth Barry
21%
Villarreal 2 DF Argentina Gonzalo Rodríguez
21%
Valencia 7 FW Brazil Jonas Gonçalves
21%
Benfica 7 FW Paraguay Óscar Cardozo
21%
Chelsea 16 MF Portugal Raul Meireles
21%
Valencia 13 GK Spain Vicente Guaita
21%
Internazionale Milano 25 DF Argentina Walter Samuel
21%
Basel 1 GK Switzerland Yann Sommer
21%
Bayern München 30 MF Brazil Luiz Gustavo
20%
Basel 34 MF Switzerland Granit Xhaka
19%
Bayern München 28 DF Germany Holger Badstuber
19%
Valencia 22 DF France Jérémy Mathieu
19%
Bayer Leverkusen 18 FW Germany Sidney Sam
19%
AFC Ajax 3 DF Belgium Toby Alderweireld
19%
Basel 17 MF Switzerland Xherdan Shaqiri
17%
Olympique de Marseille 20 FW Ghana André Ayew
16%
AFC Ajax 8 MF Denmark Christian Eriksen
16%
Napoli 88 MF Switzerland Gökhan İnler
16%
Benfica 6 MF Spain Javi García
16%
Genk 14 MF Belgium Kevin de Bruyne
16%
Villarreal 4 DF Argentina Mateo Musacchio
16%
Manchester City 2 DF England Micah Richards
16%
Shakhtar Donetsk 33 DF Croatia Darijo Srna
15%
Benfica 10 MF Argentina Pablo Aimar
15%
Shakhtar Donetsk 10 FW Brazil Willian
15%
Manchester United 19 FW England Danny Welbeck
14%
FC Porto 8 MF Portugal João Moutinho
14%
Bayer Leverkusen 8 MF Germany Lars Bender
14%
Borussia Dortmund 29 DF Germany Marcel Schmelzer
14%
Olympique de Marseille 2 DF Spain César Azpilicueta
13%
Shakhtar Donetsk 22 MF Armenia Henrikh Mkhitaryan
13%
Benfica 14 DF Uruguay Maxi Pereira
13%
Valencia 19 MF Spain Pablo Hernández
13%
FC Porto 5 DF Uruguay Álvaro Pereira
12%
Bayer Leverkusen 23 GK Germany Bernd Leno
12%
Benfica 24 DF Argentina Ezequiel Garay
11%
AC Milan 4 MF Netherlands Mark van Bommel
11%
Bayer Leverkusen 21 DF Turkey Ömer Toprak
11%
CSKA Moskva 8 FW Ivory Coast Seydou Doumbia
11%
Bayer Leverkusen 11 FW Germany Stefan Kießling
11%
Chelsea 23 FW England Daniel Sturridge
10%
AC Milan 23 MF Italy Massimo Ambrosini
10%
Lille OSC 2 DF France Mathieu Debuchy
10%
Napoli 28 DF Italy Paolo Cannavaro
10%
Villarreal 20 MF Spain Borja Valero
9%
Villarreal 12 DF Colombia Cristián Zapata
9%
Viktoria Plzeň 26 MF Czechia Daniel Kolář
9%
Lille OSC 7 FW France Dimitri Payet
9%
Dinamo Zagreb 24 DF Croatia Domagoj Vida
9%
AFC Ajax 17 DF Netherlands Daley Blind
8%
Napoli 11 DF Italy Christian Maggio
7%
Shakhtar Donetsk 7 MF Brazil Fernandinho
7%
FC Porto 25 MF Brazil Fernando Reges
7%
FC Porto 1 GK Brazil Helton
7%
Villarreal 9 FW Argentina Marco Ruben
7%
Valencia 18 DF Spain Víctor Ruiz
7%
Olympique de Marseille 4 MF France Alou Diarra
6%
Valencia 12 DF Spain Antonio Barragán
6%
Olympique Lyonnais 6 MF Sweden Kim Källström
6%
Benfica 9 FW Spain Nolito
6%
Borussia Dortmund 5 MF Germany Sebastian Kehl
6%
Napoli 23 MF Uruguay Walter Gargano
6%
Bayer Leverkusen 9 FW Germany André Schürrle
5%
Olympique Lyonnais 18 FW France Bafétimbi Gomis
5%
Trabzonspor 17 FW Turkey Burak Yılmaz
5%
Bayer Leverkusen 27 MF Germany Gonzalo Castro
5%
Borussia Dortmund 19 FW Germany Kevin Großkreutz
5%
Benfica 4 DF Brazil Luisão
5%
Napoli 1 GK Italy Morgan De Sanctis
5%
Internazionale Milano 11 MF Argentina Ricky Álvarez
5%
AC Milan 22 MF Italy Antonio Nocerino
4%
Internazionale Milano 7 FW Italy Giampaolo Pazzini
4%
Trabzonspor 9 FW Turkey Halil Altıntop
4%
Napoli 14 DF Argentina Hugo Campagnaro
4%
Oțelul Galați 4 DF Romania Ioan Filip
4%
Olympique de Marseille 15 DF Madagascar Jérémy Morel
4%
Olympiacos 14 FW Belgium Kevin Mirallas
4%
Olympique Lyonnais 21 MF France Maxime Gonalons
4%
Olympique de Marseille 3 DF Cameroon Nicolas N'Koulou
4%
CSKA Moskva 4 DF Russia Sergei Ignashevich
4%
CSKA Moskva 9 FW Brazil Vágner Love
4%
Olympique Lyonnais 20 DF France Aly Cissokho
3%
Olympiacos 21 DF Greece Avraam Papadopoulos
3%
Zenit 4 DF Italy Domenico Criscito
3%
APOEL Nicosia 23 MF Portugal Hélio Pinto
3%
Olympique Lyonnais 19 FW France Jimmy Briand
3%
AFC Ajax 1 GK Netherlands Kenneth Vermeer
3%
AC Milan 77 DF Italy Luca Antonini
3%
Olympique de Marseille 28 FW France Mathieu Valbuena
3%
AC Milan 28 MF Netherlands Urby Emanuelson
3%
AFC Ajax 5 MF Curacao Vurnon Anita
3%
CSKA Moskva 10 MF Russia Alan Dzagoev
2%
CSKA Moskva 6 DF Russia Aleksei Berezutski
2%
Olympique Lyonnais 13 DF France Anthony Réveillère
2%
Lille OSC 22 DF Cameroon Aurélien Chedjou
2%
Olympique Lyonnais 4 DF Burkina Faso Bakary Koné
2%
FC Porto 21 DF Romania Cristian Săpunaru
2%
AC Milan 25 DF Italy Daniele Bonera
2%
AFC Ajax 2 DF Netherlands Gregory van der Wiel
2%
Villarreal 3 DF Spain Joan Oriol
2%
Dinamo Zagreb 8 MF Croatia Mateo Kovačić
2%
Olympique Lyonnais 11 FW Brazil Michel Bastos
2%
Lille OSC 1 GK France Mickaël Landreau
2%
AFC Ajax 7 MF Serbia Miralem Sulejmani
2%
Shakhtar Donetsk 26 DF Romania Răzvan Raț
2%
Lille OSC 24 MF France Rio Mavuba
2%
FC Porto 14 DF Portugal Rolando
2%
FC Porto 35 MF Belgium Steven Defour
2%
CSKA Moskva 24 DF Russia Vasili Berezutski
2%
APOEL Nicosia 8 DF Brazil Aílton Almeida
1%
Basel 13 FW Switzerland Alexander Frei
1%
Olympiacos 7 MF Argentina Ariel Ibagaza
1%
Benfica 1 GK Brazil Artur Moraes
1%
Olympique de Marseille 7 MF France Benoît Cheyrou
1%
Lille OSC 17 MF France Benoît Pedretti
1%
Bayer Leverkusen 2 DF Germany Daniel Schwaab
1%
AFC Ajax 21 FW Netherlands Derk Boerrigter
1%
Trabzonspor 15 MF Ivory Coast Didier Zokora
1%
Benfica 3 DF Brazil Emerson Conceição
1%
Basel 20 MF Switzerland Fabian Frei
1%
Lille OSC 4 MF France Florent Balmont
1%
Lille OSC 18 DF France Franck Béria
1%
APOEL Nicosia 21 FW Brazil Gustavo Manduca
1%
Olympiacos 23 DF Spain Iván Marcano
1%
Olympique de Marseille 11 FW France Loïc Rémy
1%
Lille OSC 25 DF Montenegro Marko Baša
1%
Bayer Leverkusen 24 DF Czechia Michal Kadlec
1%
Lille OSC 8 FW Senegal Moussa Sow
1%
Zenit 6 DF Belgium Nicolas Lombaerts
1%
Trabzonspor 92 FW Turkey Olcan Adın
1%
APOEL Nicosia 3 DF Portugal Paulo Jorge
1%
Olympique de Marseille 24 DF France Rod Fanni
1%
Zenit 15 MF Russia Roman Shirokov
1%
Napoli 6 DF Italy Salvatore Aronica
1%
Oțelul Galați 18 DF Romania Sergiu Costin
1%
Dinamo Zagreb 14 DF Croatia Šime Vrsaljko
1%
Bayer Leverkusen 6 MF Germany Simon Rolfes
1%
Bayer Leverkusen 3 DF Germany Stefan Reinartz
1%
AFC Ajax 16 MF Netherlands Theo Janssen
1%
Dinamo Zagreb 13 DF Portugal Tonel
1%
Genk 11 DF Belgium Vanden Borre
1%
Shakhtar Donetsk 44 DF Ukraine Yaroslav Rakitskiy
1%
CSKA Moskva 21 FW Serbia Zoran Tošić
1%
Dinamo Zagreb 5 MF Argentina Adrián Calello
0%
Trabzonspor 25 MF Brazil Alanzinho
0%
Basel 6 DF Austria Aleksandar Dragović
0%
Zenit 2 DF Russia Aleksandr Anyukov
0%
Zenit 11 FW Russia Aleksandr Kerzhakov
0%
BATE Borisov 30 GK Belarus Alyaksandr Hutar
0%
BATE Borisov 8 MF Belarus Alyaksandr Valadzko
0%
BATE Borisov 5 DF Belarus Alyaksandr Yurevich
0%
Genk 16 DF South Africa Anele Ngcongca
0%
BATE Borisov 7 FW Belarus Artem Kontsevoy
0%
Olympiacos 42 GK Hungary Balázs Megyeri
0%
Oțelul Galați 12 GK Bosnia and Herzegovina Branko Grahovac
0%
Basel 24 MF Switzerland Cabral
0%
Oțelul Galați 3 DF Romania Cornel Râpă
0%
Genk 33 DF Czechia Daniel Pudil
0%
Genk 8 MF Hungary Dániel Tőzsér
0%
Basel 19 DF Argentina David Abraham
0%
Viktoria Plzeň 18 DF Czechia David Bystroň
0%
Viktoria Plzeň 8 DF Czechia David Limberský
0%
APOEL Nicosia 22 GK Greece Dionisios Chiotis
0%
BATE Borisov 25 MF Belarus Dmitry Baga
0%
BATE Borisov 23 MF Belarus Edgar Olekhnovich
0%
Genk 18 FW Israel Elyaniv Barda
0%
Olympiacos 4 DF Sweden Erik Mellberg
0%
APOEL Nicosia 9 FW Argentina Esteban Solari
0%
CSKA Moskva 22 MF Russia Evgeni Aldonin
0%
Dinamo Zagreb 21 FW Montenegro Fatos Bećiraj
0%
Olympiacos 3 DF France François Modesto
0%
Viktoria Plzeň 27 DF Czechia František Rajtoral
0%
Oțelul Galați 29 MF Romania Gabriel Giurgiu
0%
Trabzonspor 20 MF Argentina Gustavo Colman
0%
Zenit 27 MF Russia Igor Denisov
0%
Oțelul Galați 26 MF Romania Ionuț Neagu
0%
Dinamo Zagreb 30 GK Croatia Ivan Kelava
0%
APOEL Nicosia 11 MF Macedonia Ivan Tričkovski
0%
Shakhtar Donetsk 8 MF Brazil Jádson
0%
Genk 9 FW Belgium Jelle Vossen
0%
Dinamo Zagreb 7 MF Croatia Jerko Leko
0%
Genk 17 DF Belgium Jeroen Simaeys
0%
Dinamo Zagreb 10 MF Brazil Jorge Sammir
0%
Olympiacos 20 DF Greece José Holebas
0%
Genk 20 DF Brazil José Nadson
0%
CSKA Moskva 14 DF Russia Kirill Nababkin
0%
APOEL Nicosia 10 MF Cyprus Konstantinos Charalambides
0%
Zenit 18 MF Russia Konstantin Zyryanov
0%
Genk 26 GK Hungary László Köteles
0%
Oțelul Galați 8 FW Romania Liviu Antal
0%
Dinamo Zagreb 3 DF Argentina Luis Ibáñez
0%
BATE Borisov 18 DF Belarus Maksim Bordachyov
0%
APOEL Nicosia 81 FW Brazil Marcinho
0%
Basel 9 FW Switzerland Marco Streller
0%
Viktoria Plzeň 23 FW Czechia Marek Bakoš
0%
Viktoria Plzeň 28 DF Slovakia Marián Čišovský
0%
Oțelul Galați 27 FW Romania Marius Pena
0%
BATE Borisov 22 DF Montenegro Marko Simić
0%
Basel 27 DF Germany Markus Stainhöfer
0%
Dinamo Zagreb 16 MF Croatia Milan Badelj
0%
Oțelul Galați 55 FW Serbia Milan Perendija
0%
Viktoria Plzeň 11 FW Czechia Milan Petržela
0%
Olympique de Marseille 19 MF France Morgan Amalfitano
0%
APOEL Nicosia 26 MF Portugal Nuno Morais
0%
Shakhtar Donetsk 5 DF Ukraine Oleksandr Kucher
0%
Shakhtar Donetsk 25 GK Ukraine Oleksandr Rybka
0%
Trabzonspor 28 DF Czechia Ondřej Čelůstka
0%
Olympiacos 31 MF Spain Pablo Orbaiz
0%
Viktoria Plzeň 10 MF Czechia Pavel Horváth
0%
CSKA Moskva 17 MF Russia Pavel Mamaev
0%
BATE Borisov 13 MF Belarus Pavel Nyakhaychyk
0%
Viktoria Plzeň 20 MF Czechia Petr Jiráček
0%
Olympiacos 10 FW Algeria Rafik Djebbour
0%
Trabzonspor 23 DF Turkey Remzi Kaçar
0%
BATE Borisov 10 MF Brazil Renan Bressan
0%
APOEL Nicosia 7 DF Cyprus Savvas Poursaitides
0%
Trabzonspor 30 DF Turkey Serkan Balcı
0%
Oțelul Galați 14 DF Romania Silviu Ilie
0%
Oțelul Galați 11 MF Romania Sorin Frunză
0%
Genk 19 MF Belgium Thomas Buffel
0%
Trabzonspor 29 GK Turkey Tolga Zengin
0%
Zenit 14 DF Slovakia Tomáš Hubočan
0%
Shakhtar Donetsk 3 MF Czechia Tomáš Hübschman
0%
Viktoria Plzeň 6 FW Czechia Václav Pilař
0%
Olympiacos 35 DF Greece Vasilis Torosidis
0%
Zenit 20 FW Russia Viktor Fayzulin
0%
CSKA Moskva 30 GK Russia Vladimir Gabulov
0%
Zenit 16 GK Russia Vyacheslav Malafeev
0%
BATE Borisov 21 DF Belarus Yegor Filipenko
0%
No se encontraron pruebas coincidentes
Distribución de puntuación
Porcentaje de gente con cada puntuación
Porcentaje por número respondido
Historial de tus puntuaciones
No has intentado esta prueba.